000 00575nam a2200193Ia 4500
005 20250326143255.0
008 250326s9999 xx 000 0 und d
020 _a0-07-058964-X
037 _aTextbook
040 _aFMSL
_beng
_cFMSL
041 _aeng
_2eng
084 _aT:65 P4
_qFMSL
100 _aScannell E E
_9747746
245 0 _aMore games trainers play experiential learning exercises
_cScannell E E; Newstrom J W
260 _aNew Delhi
_bNew Delhi, Tata McGraw Hill
_c2004
300 _a299p
942 _cTB
_hT:65 P4
999 _c1298874
_d1298874